000 00400nam a2200157Ia 4500
008 180921t2014 xxu||||| |||| 00| 0 eng d
041 _aeng
080 _a801.5
_bRAJ
100 _aRajapakshe,Ajith
245 _aQuestion Making in Spoken English 1
260 _bPansidu Publishers
_aPanadura
_c2014
300 _b96p, 21cm
942 _cBK
999 _c4433
_d4433
003 LK-CoDNM
040 _aLK-CoDNM
_dLK-CoDNM
_eLK-CoDNM